000 00704nam a2200229Ia 4500
001 2517
003 GE_BSU
008 181216s||||||||xx |||||||||||||| ||und||
020 _a9789941420245
040 _cGE_BSU
080 _a37.01(44)
100 _aფრენე სელესტენ.
245 _aპედაგოგიური ინვარიანტები
245 _c[რედ.კახმეგ კუდავა]
260 _aთბილისი
260 _bინტელექტი
260 _c106 გვ.
300 _a106 გვ.
541 _h5 ლ.
653 _aპედაგოგიური ინვარიანტები
942 _cBK
999 _c36598
_d36598